000 00467nam a2200169Ia 4500
008 230711s9999||||xx |||||||||||||| ||und||
020 _a978-988-1568-05-2
041 _aENG
082 _a720
_bTA-I
100 _a Tang Art Design & Information Group Limited 
245 0 _aInterior details collection
250 _a1st . . Ed.
260 _c2013
_aHong Kong
_bTang Art Design & Information Group Limited
300 _a347
650 _aArchitecture
942 _cBK
999 _c5708
_d5708